000 00284nam a2200109Ia 4500
008 230627s9999 xx 000 0 und d
041 _amar
082 _a346.059
_bSHA
100 _aShah, K N
245 _aThe Bombay Public Trust Act, 1950
260 _aPune
_bHind Law Publication
_c2005
999 _c688591
_d688591